[Event "DEM U18 2005"]
[Site "Willingen GER"]
[Date "2005.05.15"]
[Round "2"]
[White "Lang, Henry"]
[Black "Elstner, Eik"]
[Result "1/2-1/2"]
[Termination "normal"]
[Board "12"]
[WhiteElo "1792"]
[BlackElo "2095"]
[PlyCount "56"]
[BlackFideId "24605581"]
[EventCountry "GER"]
[EventRounds "9"]
[EventType "swiss"]
[EventDate "2005.05.15"]

1. c4 e6 2. Nc3 d5 3. Nf3 Nf6 4. cxd5 exd5 5. g3 c5 6. d4 Nc6 7. Bg2 h6 8. O-O
Be6 9. dxc5 Bxc5 10. a3 a6 11. e3 O-O 12. b4 Be7 13. Bb2 b5 14. Rc1 Qb6 15. Nd4
Nxd4 16. Qxd4 Qxd4 17. exd4 Rac8 18. Rfe1 Bd6 19. h4 Rfd8 20. Nb1 Nd7 21. Rxc8
Rxc8 22. Rc1 Rxc1+ 23. Bxc1 Nb6 24. Nd2 Be7 25. Nb3 Bf6 26. Kf1 Kf8 27. Bf3 Ke7
28. Ke2 Kd8 1/2-1/2

[Event "DEM U18 2005"]
[Site "Willingen GER"]
[Date "2005.05.15"]
[Round "2"]
[White "Schulz, Stefanie"]
[Black "Mink, Jens"]
[Result "1-0"]
[Termination "normal"]
[Board "13"]
[WhiteElo "2070"]
[BlackElo "2002"]
[PlyCount "115"]
[WhiteFideId "4693060"]
[EventCountry "GER"]
[EventRounds "9"]
[EventType "swiss"]
[EventDate "2005.05.15"]

1. e4 e6 2. d3 b5 3. Nf3 Bb7 4. Be3 Bb4+ 5. c3 Ba5 6. Nbd2 Bb6 7. d4 c6 8. Bd3
Ne7 9. O-O O-O 10. a4 a6 11. b4 d6 12. a5 Bc7 13. Nb3 f6 14. h3 Nd7 15. Qc2 e5
16. Rad1 Kh8 17. dxe5 fxe5 18. Qe2 Ng6 19. Bb1 h6 20. Nh2 Qe7 21. c4 Nf4 22.
Bxf4 Rxf4 23. g3 Rff8 24. Ng4 Qe6 25. Ne3 Qxh3 26. Nf5 Rf6 27. c5 Rxf5 28. exf5
d5 29. Qf3 Rf8 30. Nd2 g6 31. g4 Qh4 32. Qg3 Qf6 33. Qh3 Kg7 34. Ne4 Qe7 35.
Ng3 e4 36. Rfe1 Nf6 37. Re2 Bxg3 38. Qxg3 gxf5 39. gxf5+ Kh8 40. Kh1 Nh5 41.
Qh3 Qg5 42. Rg1 Qxf5 43. Qxf5 Rxf5 44. Bxe4 dxe4 45. Rxe4 Rf7 46. Re8+ Kh7 47.
Rgg8 Nf6 48. Rgf8 Kg7 49. Rxf7+ Kxf7 50. Rb8 Nd5 51. Rxb7+ Ke6 52. Ra7 Nxb4 53.
Kg2 Kd5 54. f4 Nd3 55. f5 Nxc5 56. f6 b4 57. f7 Ne6 58. Rxa6 1-0

[Event "DEM U18 2005"]
[Site "Willingen GER"]
[Date "2005.05.15"]
[Round "2"]
[White "Laßan, Christian"]
[Black "Skibbe, Willi"]
[Result "1-0"]
[Termination "normal"]
[Board "14"]
[WhiteElo "2065"]
[BlackElo "1934"]
[PlyCount "89"]
[WhiteFideId "4685997"]
[BlackFideId "4682190"]
[EventCountry "GER"]
[EventRounds "9"]
[EventType "swiss"]
[EventDate "2005.05.15"]

1. e4 e6 2. d4 d5 3. Nd2 Nf6 4. e5 Nfd7 5. Bd3 c5 6. c3 Nc6 7. Ne2 cxd4 8. cxd4
f6 9. exf6 Nxf6 10. Nf3 Bd6 11. O-O O-O 12. Bf4 Bxf4 13. Nxf4 Qd6 14. g3 Bd7
15. Re1 Rae8 16. Ne5 Bc8 17. Rc1 Nd7 18. Nxc6 bxc6 19. Qc2 Rxf4 20. gxf4 Qxf4
21. Bxh7+ Kh8 22. Re3 Nf6 23. Bg6 Rf8 24. h3 Nd7 25. Rce1 Qxd4 26. Rxe6 Nf6 27.
R6e3 Bd7 28. b3 Qh4 29. Kg2 Ne4 30. Bxe4 dxe4 31. Rg3 Rf3 32. Qxe4 Rf4 33. Qe7
Bxh3+ 34. Rxh3 Rxf2+ 35. Kg1 Qxh3 36. Kxf2 Qf5+ 37. Ke2 Qc2+ 38. Kf1 Qf5+ 39.
Kg2 Qg4+ 40. Kf2 Qf5+ 41. Ke3 Qh3+ 42. Kd2 Qg2+ 43. Kc1 Qf3 44. Qe8+ Kh7 45.
Qe4+ 1-0

[Event "DEM U18 2005"]
[Site "Willingen GER"]
[Date "2005.05.16"]
[Round "3"]
[White "Nüsken, Nikolas"]
[Black "Degtiarev, Jewgeni"]
[Result "1/2-1/2"]
[Termination "normal"]
[Board "1"]
[WhiteElo "2243"]
[BlackElo "2328"]
[PlyCount "133"]
[WhiteFideId "24605891"]
[BlackFideId "4149610"]
[EventCountry "GER"]
[EventRounds "9"]
[EventType "swiss"]
[EventDate "2005.05.15"]

1. e4 c5 2. c3 Nf6 3. e5 Nd5 4. d4 cxd4 5. Nf3 Nc6 6. cxd4 d6 7. Bc4 Nb6 8. Bb5
d5 9. Nh4 e6 10. Nf3 Bd7 11. Bg5 Be7 12. Bxe7 Qxe7 13. Na3 a6 14. Be2 Qb4+ 15.
Qd2 Qxd2+ 16. Kxd2 f6 17. b3 Ke7 18. Nc2 Be8 19. Rhe1 Bh5 20. Nh4 Bxe2 21. Rxe2
fxe5 22. dxe5 Rhf8 23. Nf3 Rf4 24. Nfe1 Nd4 25. Nxd4 Rxd4+ 26. Nd3 Rc8 27. Ke3
Rh4 28. h3 d4+ 29. Kd2 Nd5 30. g3 Rxh3 31. Re4 g5 32. Rxd4 h5 33. Rg1 Rh2 34.
Rc4 Rf8 35. Ke2 Kf7 36. Nc5 Kg6 37. Rf1 Kf5 38. Nxb7 h4 39. gxh4 gxh4 40. Nc5
Rh8 41. Kf3 Rg8 42. Nxa6 Rh3+ 43. Ke2 Ra8 44. Rc6 Nf4+ 45. Kd2 Rd3+ 46. Kc2 h3
47. b4 Rf3 48. b5 h2 49. Rh1 Rxf2+ 50. Kb3 Nd5 51. Rc2 Rxc2 52. Kxc2 Rh8 53. a4
Kxe5 54. a5 Kd6 55. Kd2 e5 56. b6 Kc6 57. Rc1+ Kb5 58. Nc7+ Kxa5 59. Nxd5 h1=Q
60. Rxh1 Rxh1 61. b7 Rb1 62. Kd3 Rxb7 63. Ke4 Kb5 64. Kxe5 Kc5 65. Nf4 Re7+ 66.
Kf6 Kd6 67. Kf5 1/2-1/2

[Event "DEM U18 2005"]
[Site "Willingen GER"]
[Date "2005.05.16"]
[Round "3"]
[White "Krämer, Martin"]
[Black "Jahncke, Giso"]
[Result "1-0"]
[Termination "normal"]
[Board "2"]
[WhiteTitle "FM"]
[WhiteElo "2362"]
[BlackElo "1882"]
[PlyCount "41"]
[WhiteFideId "4671910"]
[BlackFideId "24608289"]
[EventCountry "GER"]
[EventRounds "9"]
[EventType "swiss"]
[EventDate "2005.05.15"]

1. e4 c5 2. Nf3 Nc6 3. Bb5 g6 4. Bxc6 dxc6 5. h3 Bg7 6. d3 e5 7. Be3 Qe7 8. Nc3
f6 9. Qd2 Be6 10. O-O g5 11. a3 g4 12. hxg4 Bxg4 13. Nh4 f5 14. Nxf5 Bxf5 15.
exf5 Nf6 16. Ne4 Ng4 17. Bg5 Bf6 18. Nxf6+ Nxf6 19. f4 O-O-O 20. Rae1 e4 21.
Qc3 1-0

[Event "DEM U18 2005"]
[Site "Willingen GER"]
[Date "2005.05.16"]
[Round "3"]
[White "Heinz, Axel"]
[Black "Frübing, Stefan"]
[Result "0-1"]
[Termination "normal"]
[Board "3"]
[WhiteElo "2354"]
[BlackElo "2204"]
[PlyCount "60"]
[WhiteFideId "4667557"]
[BlackFideId "4682165"]
[EventCountry "GER"]
[EventRounds "9"]
[EventType "swiss"]
[EventDate "2005.05.15"]

1. e4 c5 2. Nf3 d6 3. d4 cxd4 4. Nxd4 Nf6 5. Nc3 g6 6. Be3 Bg7 7. f3 O-O 8. Qd2
Nc6 9. Bc4 Bd7 10. O-O-O Rc8 11. Bb3 Ne5 12. Kb1 Re8 13. g4 b5 14. g5 Nh5 15.
Nce2 a5 16. a3 Nc4 17. Bxc4 bxc4 18. c3 Ba4 19. Nc2 Rb8 20. Qc1 Qc8 21. Bd4 e5
22. Be3 Qh3 23. Rhf1 Rb5 24. Rxd6 Reb8 25. Rf2 Bf8 26. Rd5 Rxd5 27. exd5 Qf5
28. f4 Bxa3 29. fxe5 Bxc2+ 30. Ka2 Bxb2 0-1

[Event "DEM U18 2005"]
[Site "Willingen GER"]
[Date "2005.05.16"]
[Round "3"]
[White "Eisenbeiser, Amadeus"]
[Black "Behm, Simon"]
[Result "1-0"]
[Termination "normal"]
[Board "4"]
[WhiteTitle "FM"]
[WhiteElo "2304"]
[BlackElo "2214"]
[PlyCount "69"]
[WhiteFideId "4678338"]
[BlackFideId "4691962"]
[EventCountry "GER"]
[EventRounds "9"]
[EventType "swiss"]
[EventDate "2005.05.15"]

1. e4 c5 2. Nf3 Nc6 3. Bb5 e6 4. Bxc6 bxc6 5. d3 Ne7 6. Qe2 Ng6 7. h4 h5 8. e5
Be7 9. Nc3 d5 10. exd6 Qxd6 11. Ne4 Qd5 12. c4 Qf5 13. g3 Bb7 14. Bd2 O-O-O 15.
O-O-O Rd7 16. Rhe1 f6 17. Ba5 e5 18. Nfd2 Nf8 19. Nb3 Ne6 20. Qe3 Kb8 21. Nbxc5
Nxc5 22. Nxc5 Bxc5 23. Qxc5 Rxd3 24. Rxd3 Qxd3 25. Rd1 Qe4 26. Rd7 Rc8 27. b3
Ka8 28. Rxg7 Qh1+ 29. Kb2 Qf3 30. Rf7 Qe2+ 31. Ka3 Qf3 32. Rf8 Qf5 33. Rf7 Qe6
34. Re7 Qf5 35. Bd2 1-0

[Event "DEM U18 2005"]
[Site "Willingen GER"]
[Date "2005.05.16"]
[Round "3"]
[White "Strohhäker, Raoul"]
[Black "Mijatovic, Vladimir"]
[Result "1-0"]
[Termination "normal"]
[Board "5"]
[WhiteElo "2226"]
[BlackElo "2181"]
[PlyCount "99"]
[WhiteFideId "4687400"]
[BlackFideId "934062"]
[EventCountry "GER"]
[EventRounds "9"]
[EventType "swiss"]
[EventDate "2005.05.15"]

1. e4 c5 2. Nf3 d6 3. d4 cxd4 4. Nxd4 Nf6 5. Nc3 a6 6. g3 e6 7. Bg2 Qc7 8. O-O
Be7 9. f4 O-O 10. g4 Nc6 11. Nxc6 bxc6 12. g5 Nd7 13. f5 d5 14. fxe6 fxe6 15.
Rxf8+ Nxf8 16. exd5 Qa7+ 17. Kh1 cxd5 18. Nxd5 Rb8 19. Nxe7+ Qxe7 20. b3 Bb7
21. Be3 Bxg2+ 22. Kxg2 Ng6 23. Qg4 Qb7+ 24. Kg1 Qc6 25. Rf1 Rd8 26. Qg2 Qc3 27.
Qe4 e5 28. Qc4+ Qxc4 29. bxc4 Rc8 30. c5 Nf4 31. Rd1 Ne2+ 32. Kg2 Nd4 33. c3
Nf5 34. Bg1 Kf7 35. Kf3 Ke6 36. Ke4 Rb8 37. Rd5 g6 38. Rxe5+ Kd7 39. Rd5+ Kc6
40. Rd2 Rb1 41. Bd4 Re1+ 42. Kd3 Kd5 43. Bf2 Rh1 44. Kc2+ Kc6 45. Bd4 Re1 46.
Kb3 Kb5 47. a4+ Kc6 48. Kb4 Re6 49. Kc4 Ne7 50. Rf2 1-0

[Event "DEM U18 2005"]
[Site "Willingen GER"]
[Date "2005.05.16"]
[Round "3"]
[White "Möller, Hendrik"]
[Black "Trella, Thomas"]
[Result "1-0"]
[Termination "normal"]
[Board "6"]
[WhiteElo "2180"]
[BlackElo "2266"]
[PlyCount "43"]
[WhiteFideId "24604917"]
[BlackFideId "24620513"]
[EventCountry "GER"]
[EventRounds "9"]
[EventType "swiss"]
[EventDate "2005.05.15"]

1. e4 e6 2. d4 d5 3. Nc3 Nf6 4. e5 Nfd7 5. Nce2 c5 6. f4 Nc6 7. Nf3 Qb6 8. c3
cxd4 9. cxd4 Bb4+ 10. Nc3 O-O 11. Bd3 f6 12. a3 Be7 13. b4 fxe5 14. dxe5 a6 15.
h4 h6 16. Ra2 Kh8 17. Bb1 Nxb4 18. Rb2 Qc7 19. Ne2 Qc4 20. axb4 Bxb4+ 21. Bd2
Bxd2+ 22. Nxd2 1-0

[Event "DEM U18 2005"]
[Site "Willingen GER"]
[Date "2005.05.16"]
[Round "3"]
[White "Armbrust, Florian"]
[Black "Igonin, Pavel"]
[Result "1-0"]
[Termination "normal"]
[Board "7"]
[WhiteElo "2243"]
[BlackElo "2176"]
[PlyCount "63"]
[WhiteFideId "4691350"]
[EventCountry "GER"]
[EventRounds "9"]
[EventType "swiss"]
[EventDate "2005.05.15"]

1. e4 c5 2. Nc3 Nc6 3. g3 g6 4. Bg2 Bg7 5. d3 e6 6. f4 d6 7. Nf3 Nge7 8. O-O
O-O 9. Be3 Nd4 10. e5 Nxf3+ 11. Qxf3 Nf5 12. Bf2 Nd4 13. Qd1 dxe5 14. fxe5 Bxe5
15. Ne4 Nf5 16. c3 Qc7 17. Nxc5 Rb8 18. Ne4 b6 19. d4 Bd6 20. Nxd6 Nxd6 21. Re1
Bb7 22. d5 Bxd5 23. Bxd5 exd5 24. Qxd5 Rbd8 25. Qg5 Rfe8 26. Qf4 Qc6 27. Qf6
Rxe1+ 28. Rxe1 Re8 29. Rxe8+ Qxe8 30. Qxd6 Qe4 31. Qd8+ Kg7 32. Qd4+ 1-0

[Event "DEM U18 2005"]
[Site "Willingen GER"]
[Date "2005.05.16"]
[Round "3"]
[White "Feuerstack, Aljoscha"]
[Black "Schulz, Stefanie"]
[Result "1-0"]
[Termination "normal"]
[Board "8"]
[WhiteElo "2209"]
[BlackElo "2070"]
[PlyCount "55"]
[WhiteFideId "4681932"]
[BlackFideId "4693060"]
[EventCountry "GER"]
[EventRounds "9"]
[EventType "swiss"]
[EventDate "2005.05.15"]

1. e4 c5 2. c3 d5 3. exd5 Qxd5 4. d4 Nf6 5. Nf3 e6 6. Na3 Qd8 7. Nc2 Nc6 8. Be3
cxd4 9. Ncxd4 Nxd4 10. Bxd4 Be7 11. Bd3 O-O 12. Qc2 h6 13. O-O-O Qa5 14. Qe2
Nd5 15. Bb1 f5 16. h4 Bf6 17. g4 Nf4 18. Qe3 fxg4 19. Ne5 Bxe5 20. Bxe5 Nd5 21.
Qd3 Rf5 22. Qd4 Rf7 23. Qxg4 Nf6 24. Qg3 b5 25. Rhg1 Kf8 26. Bxf6 gxf6 27. Qg8+
Ke7 28. Rg7 1-0

[Event "DEM U18 2005"]
[Site "Willingen GER"]
[Date "2005.05.16"]
[Round "3"]
[White "Hoffmann, Udo"]
[Black "Laßan, Christian"]
[Result "1-0"]
[Termination "normal"]
[Board "9"]
[WhiteElo "2196"]
[BlackElo "2065"]
[PlyCount "111"]
[WhiteFideId "24605735"]
[BlackFideId "4685997"]
[EventCountry "GER"]
[EventRounds "9"]
[EventType "swiss"]
[EventDate "2005.05.15"]

1. e4 e6 2. d4 d5 3. Nc3 Nf6 4. e5 Nfd7 5. f4 c5 6. Nf3 Nc6 7. Be3 a6 8. a3 b5
9. dxc5 Bxc5 10. Bxc5 Nxc5 11. b4 Nd7 12. Ne2 Qc7 13. Ng3 g5 14. Nxg5 Ncxe5 15.
Be2 Qc3+ 16. Kf2 Nc4 17. Qd3 Qxd3 18. cxd3 Nd6 19. Rac1 Ke7 20. Rhe1 h6 21. Nf3
Bb7 22. Ne5 Rhc8 23. Bg4 Rxc1 24. Rxc1 Rc8 25. Rxc8 Nxc8 26. Nxd7 Kxd7 27. Bf3
Ne7 28. Ne2 f6 29. Nd4 e5 30. fxe5 fxe5 31. Nb3 Kd6 32. Bg4 Nc6 33. Nc5 Nd8 34.
Nxb7+ Nxb7 35. Bc8 Kc7 36. Bxb7 Kxb7 37. Kf3 Kc6 38. Kg4 Kd6 39. Kf5 h5 40. g3
d4 41. h3 Kd5 42. g4 hxg4 43. hxg4 e4 44. dxe4+ Kc4 45. g5 d3 46. g6 d2 47. g7
d1=Q 48. g8=Q+ Kc3 49. Qd5 Qf3+ 50. Ke6 Kb2 51. e5 Qh3+ 52. Kd6 Qg3 53. Kc6
Kxa3 54. e6 Qg6 55. Qd6 Qe8+ 56. Kb7 1-0

[Event "DEM U18 2005"]
[Site "Willingen GER"]
[Date "2005.05.16"]
[Round "3"]
[White "Müller, Pascal"]
[Black "Becker, Nils"]
[Result "1/2-1/2"]
[Termination "normal"]
[Board "10"]
[WhiteElo "1813"]
[BlackElo "2096"]
[PlyCount "55"]
[BlackFideId "4695216"]
[EventCountry "GER"]
[EventRounds "9"]
[EventType "swiss"]
[EventDate "2005.05.15"]

1. e4 c5 2. c3 Nf6 3. e5 Nd5 4. d4 cxd4 5. Nf3 e6 6. cxd4 b6 7. Bc4 Bb7 8. O-O
Be7 9. Qe2 O-O 10. Rd1 Qc7 11. Bd2 Rc8 12. Bd3 d6 13. Nc3 Nxc3 14. Bxc3 dxe5
15. dxe5 Nd7 16. Bxh7+ Kxh7 17. Qd3+ g6 18. Qxd7 Bxf3 19. gxf3 Bg5 20. Qxc7
Rxc7 21. Bd2 Bxd2 22. Rxd2 Rc5 23. Re1 Kg7 24. Kg2 Rh8 25. f4 Rc4 26. Kg3 Rh5
27. b3 Rc8 28. h4 1/2-1/2

[Event "DEM U18 2005"]
[Site "Willingen GER"]
[Date "2005.05.16"]
[Round "3"]
[White "Elstner, Eik"]
[Black "Dück, Stefan"]
[Result "1/2-1/2"]
[Termination "normal"]
[Board "11"]
[WhiteElo "2095"]
[BlackElo "2049"]
[PlyCount "40"]
[WhiteFideId "24605581"]
[BlackFideId "4681355"]
[EventCountry "GER"]
[EventRounds "9"]
[EventType "swiss"]
[EventDate "2005.05.15"]

1. d4 Nf6 2. c4 g6 3. Nc3 Bg7 4. e4 d6 5. Nf3 O-O 6. Be2 Bg4 7. Be3 Nfd7 8. h4
Nc6 9. d5 Bxc3+ 10. bxc3 Na5 11. Bh6 Re8 12. Nd2 Bxe2 13. Qxe2 Nc5 14. Qf3 Nd7
15. h5 Ne5 16. Qh3 Qd7 17. Qh2 Ng4 18. Qh3 Ne5 19. Qh2 Ng4 20. Qh3 Ne5 1/2-1/2

[Event "DEM U18 2005"]
[Site "Willingen GER"]
[Date "2005.05.16"]
[Round "3"]
[White "Grimberg, Boris"]
[Black "Lang, Henry"]
[Result "1-0"]
[Termination "normal"]
[Board "12"]
[WhiteElo "2066"]
[BlackElo "1792"]
[PlyCount "69"]
[WhiteFideId "4697499"]
[EventCountry "GER"]
[EventRounds "9"]
[EventType "swiss"]
[EventDate "2005.05.15"]

1. d4 Nf6 2. Nf3 e6 3. e3 b6 4. Bd3 Bb7 5. Nbd2 Be7 6. O-O O-O 7. b3 d6 8. Bb2
Nbd7 9. c4 c5 10. Qe2 cxd4 11. exd4 d5 12. Rac1 Rc8 13. Rfd1 Re8 14. Bb1 Nf8
15. Ne5 Bd6 16. Ndf3 h6 17. Ne1 N6d7 18. N1d3 Qe7 19. Ba1 dxc4 20. bxc4 Nxe5
21. Nxe5 Bxe5 22. Qxe5 Nd7 23. Qg3 Nf6 24. Re1 Qc7 25. Qh4 b5 26. d5 e5 27. Qg3
bxc4 28. Bxe5 Qd8 29. Rcd1 Nh5 30. Qf3 Qg5 31. Qe4 f6 32. Qh7+ Kf7 33. h4 Qg4
34. f3 Qd7 35. Bg6+ 1-0

[Event "DEM U18 2005"]
[Site "Willingen GER"]
[Date "2005.05.16"]
[Round "3"]
[White "Skibbe, Willi"]
[Black "Poysti, Nathanael"]
[Result "1-0"]
[Termination "normal"]
[Board "13"]
[WhiteElo "1934"]
[BlackElo "2008"]
[PlyCount "148"]
[WhiteFideId "4682190"]
[EventCountry "GER"]
[EventRounds "9"]
[EventType "swiss"]
[EventDate "2005.05.15"]

1. e4 c5 2. Nf3 e6 3. d4 cxd4 4. Nxd4 Bc5 5. Nb3 Bb6 6. Nc3 Ne7 7. Bf4 d5 8.
exd5 exd5 9. Bb5+ Nbc6 10. O-O O-O 11. Qd2 Be6 12. Be2 Ng6 13. Bg3 a5 14. Nb5
Qf6 15. c3 Rfd8 16. Rad1 Rd7 17. N3d4 Rad8 18. Kh1 Nh4 19. Bxh4 Qxh4 20. Nf3
Qf6 21. Nbd4 Bf5 22. Bb5 Bg4 23. Rde1 h6 24. Bxc6 bxc6 25. Ne5 Qh4 26. Qf4 h5
27. Nxd7 Rxd7 28. Nf3 Qd8 29. h3 Be6 30. Qg5 Qxg5 31. Nxg5 Rd6 32. Nxe6 fxe6
33. Re5 g6 34. f4 c5 35. Rd1 Rc6 36. Re2 Kf7 37. h4 Kf6 38. g3 d4 39. Rc2 Rd6
40. cxd4 cxd4 41. Rd3 Kf5 42. Re2 Rc6 43. Rd1 Kg4 44. Kg2 a4 45. Rdd2 Kf5 46.
Rc2 Rd6 47. Rc8 Bd8 48. Rc5+ Kf6 49. Kf3 d3 50. Rd2 Rd4 51. Ke3 Rd6 52. Rc3 Ba5
53. Rdxd3 Bxc3 54. Rxd6 Bxb2 55. Ra6 a3 56. Ke4 Bc1 57. Rb6 Bb2 58. Rb5 Bc1 59.
Rg5 Bb2 60. Kd3 e5 61. fxe5+ Bxe5 62. Kc2 Bd6 63. Kb3 Kg7 64. Kc4 Be7 65. Ra5
Bd6 66. Rg5 Be7 67. Rd5 Kh6 68. Kb3 g5 69. hxg5+ Kg6 70. Ra5 Bf8 71. Kc4 Be7
72. Kd3 Bf8 73. Ke4 Bb4 74. Rb5 74... Be7 {Rest nicht nachvollziehbar} 1-0

[Event "DEM U18 2005"]
[Site "Willingen GER"]
[Date "2005.05.17"]
[Round "4"]
[White "Frübing, Stefan"]
[Black "Krämer, Martin"]
[Result "1-0"]
[Termination "normal"]
[Board "1"]
[BlackTitle "FM"]
[WhiteElo "2204"]
[BlackElo "2362"]
[PlyCount "119"]
[WhiteFideId "4682165"]
[BlackFideId "4671910"]
[EventCountry "GER"]
[EventRounds "9"]
[EventType "swiss"]
[EventDate "2005.05.15"]

1. e4 c5 2. Nf3 Nc6 3. Nc3 d6 4. d4 cxd4 5. Nxd4 Nf6 6. f4 g6 7. Be2 Bg7 8. Nb3
O-O 9. O-O a5 10. a4 Qb6+ 11. Kh1 Nb4 12. Bf3 Be6 13. Nd4 Nxe4 14. Nxe6 Nxc3
15. bxc3 fxe6 16. Ra3 Nc6 17. Rb3 Qc7 18. Be3 Rab8 19. Bg4 Rf6 20. Bb6 Qd7 21.
Re1 Kh8 22. g3 Nd8 23. Bxa5 Nf7 24. Bb6 Qc6+ 25. Bf3 Qxa4 26. Bd4 e5 27. fxe5
dxe5 28. Bc5 Nd6 29. Qe2 Rbf8 30. Bg2 Qa5 31. Bb6 Qa2 32. Bg1 e4 33. c4 Re6 34.
g4 Qa4 35. c5 Nc4 36. Rxb7 Rd8 37. Rd1 Rf8 38. Rbd7 Nb2 39. R1d5 h6 40. Rd8
Rxd8 41. Rxd8+ Kh7 42. Qf1 Rf6 43. Qe2 Re6 44. Qd2 e3 45. Qd5 Qxg4 46. Bxe3 Nc4
47. Bg1 Ne5 48. Ra8 h5 49. Rb8 Nc6 50. Rb1 Bc3 51. Rf1 Nb4 52. Qd7 Qc4 53. Rf7+
Bg7 54. Rxe7 Rxe7 55. Qxe7 Qxc2 56. h3 Nd3 57. c6 Nf4 58. Qe4 Qxe4 59. Bxe4 Ne6
60. Bd5 1-0

[Event "DEM U18 2005"]
[Site "Willingen GER"]
[Date "2005.05.17"]
[Round "4"]
[White "Degtiarev, Jewgeni"]
[Black "Strohhäker, Raoul"]
[Result "1-0"]
[Termination "normal"]
[Board "2"]
[WhiteElo "2328"]
[BlackElo "2226"]
[PlyCount "49"]
[WhiteFideId "4149610"]
[BlackFideId "4687400"]
[EventCountry "GER"]
[EventRounds "9"]
[EventType "swiss"]
[EventDate "2005.05.15"]

1. d4 d5 2. c4 e6 3. Nf3 c5 4. cxd5 exd5 5. g3 Nc6 6. Bg2 Nf6 7. O-O Be7 8. Be3
Ng4 9. Bf4 O-O 10. Nc3 Be6 11. h3 Nf6 12. Be3 c4 13. Ne5 Ne8 14. Nxc4 dxc4 15.
d5 Qc8 16. dxe6 Qxe6 17. Qd5 Qxd5 18. Nxd5 Nf6 19. Rac1 Nxd5 20. Bxd5 Bf6 21.
Rxc4 Bxb2 22. Rb1 Bf6 23. Rxb7 Ne5 24. Rcc7 Bd8 25. Rc2 1-0

[Event "DEM U18 2005"]
[Site "Willingen GER"]
[Date "2005.05.17"]
[Round "4"]
[White "Eisenbeiser, Amadeus"]
[Black "Nüsken, Nikolas"]
[Result "1-0"]
[Termination "normal"]
[Board "3"]
[WhiteTitle "FM"]
[WhiteElo "2304"]
[BlackElo "2243"]
[PlyCount "67"]
[WhiteFideId "4678338"]
[BlackFideId "24605891"]
[EventCountry "GER"]
[EventRounds "9"]
[EventType "swiss"]
[EventDate "2005.05.15"]

1. e4 c5 2. Nf3 e6 3. d4 cxd4 4. Nxd4 a6 5. c4 Nf6 6. Nc3 Qc7 7. a3 b6 8. g3
Bb7 9. Bg2 Be7 10. O-O d6 11. Be3 Nbd7 12. f4 O-O 13. b4 b5 14. g4 Nb6 15. g5
Nfd7 16. Nd5 exd5 17. cxd5 Nc4 18. Bf2 Rfe8 19. Rc1 Ndb6 20. Qh5 Bc8 21. Rc3
Nd7 22. Ne6 fxe6 23. Qxe8+ Nf8 24. dxe6 Bd8 25. e5 Rb8 26. exd6 Nxd6 27. Qc6
Nxe6 28. Bd5 Qxc6 29. Rxc6 Be7 30. f5 Bb7 31. Bxe6+ Kh8 32. Rc7 Bxg5 33. Rd1
Ne4 34. Rdd7 1-0

[Event "DEM U18 2005"]
[Site "Willingen GER"]
[Date "2005.05.17"]
[Round "4"]
[White "Jahncke, Giso"]
[Black "Feuerstack, Aljoscha"]
[Result "0-1"]
[Termination "normal"]
[Board "5"]
[WhiteElo "1882"]
[BlackElo "2209"]
[PlyCount "74"]
[WhiteFideId "24608289"]
[BlackFideId "4681932"]
[EventCountry "GER"]
[EventRounds "9"]
[EventType "swiss"]
[EventDate "2005.05.15"]

1. e4 c5 2. Nf3 e6 3. d4 cxd4 4. Nxd4 a6 5. Nc3 Qc7 6. Be2 Nf6 7. O-O d6 8. f4
Nbd7 9. Bf3 Be7 10. Kh1 g6 11. Be3 e5 12. Nde2 b5 13. a3 Bb7 14. g4 Nc5 15. Ng3
h6 16. f5 gxf5 17. Bxc5 fxg4 18. Be3 gxf3 19. Qxf3 Qc4 20. Rad1 Rd8 21. Bb6 Rd7
22. b3 Qe6 23. Nf5 Bf8 24. Ne3 Be7 25. Nf5 Rg8 26. Nxh6 Rg5 27. Nd5 Nxe4 28.
Nxf7 Ng3+ 29. Kg1 Ne2+ 30. Kh1 Ng3+ 31. Kg1 Ne2+ 32. Kh1 Rg7 33. Nd8 Ng3+ 34.
Kg1 Nf5+ 35. Kh1 Bxd8 36. Bxd8 Ng3+ 37. Kg1 Nxf1+ 0-1

[Event "DEM U18 2005"]
[Site "Willingen GER"]
[Date "2005.05.17"]
[Round "4"]
[White "Behm, Simon"]
[Black "Möller, Hendrik"]
[Result "1/2-1/2"]
[Termination "normal"]
[Board "6"]
[WhiteElo "2214"]
[BlackElo "2180"]
[PlyCount "123"]
[WhiteFideId "4691962"]
[BlackFideId "24604917"]
[EventCountry "GER"]
[EventRounds "9"]
[EventType "swiss"]
[EventDate "2005.05.15"]

1. d4 Nf6 2. c4 e6 3. Nc3 Bb4 4. Qc2 c5 5. dxc5 O-O 6. a3 Bxc5 7. Nf3 b6 8. Bg5
Bb7 9. e4 Be7 10. Be2 d6 11. Rd1 Qc8 12. Bxf6 gxf6 13. O-O Kh8 14. Ne1 Nd7 15.
f4 Ba6 16. b3 Qc7 17. Kh1 Rac8 18. Nd3 Nc5 19. Nb4 Bb7 20. Bf3 a5 21. Nb5 Qb8
22. Na2 Rfd8 23. b4 axb4 24. axb4 Na6 25. Qb3 Qa8 26. Nac3 Qb8 27. Ra1 Rd7 28.
f5 Nc7 29. fxe6 fxe6 30. Nd4 d5 31. cxd5 exd5 32. Bg4 Rcd8 33. Bxd7 Rxd7 34.
Nf5 Bf8 35. Rad1 Qd8 36. Qa4 d4 37. Ne2 Ne6 38. Qb3 d3 39. Neg3 Ng5 40. Qc4 Nf7
41. Nh5 Ng5 42. Rf4 Rc7 43. Qd4 Qxd4 44. Nxd4 d2 45. Nb3 Bxb4 46. Nxf6 Ba6 47.
Rf2 Rc2 48. Nxd2 Bc3 49. h4 Ne6 50. Ng4 Bd4 51. Rf7 Be2 52. Nf3 Bxd1 53. Nxd4
Rc7 54. Rxc7 Nxc7 55. Ne3 Ba4 56. Nec2 Na6 57. Na3 Kg7 58. Kg1 Nc5 59. e5 Nd3
60. e6 Kf6 61. g4 Nf4 62. Kf2 1/2-1/2

[Event "DEM U18 2005"]
[Site "Willingen GER"]
[Date "2005.05.17"]
[Round "4"]
[White "Mijatovic, Vladimir"]
[Black "Heinz, Axel"]
[Result "0-1"]
[Termination "normal"]
[Board "7"]
[WhiteElo "2181"]
[BlackElo "2354"]
[PlyCount "64"]
[WhiteFideId "934062"]
[BlackFideId "4667557"]
[EventCountry "GER"]
[EventRounds "9"]
[EventType "swiss"]
[EventDate "2005.05.15"]

1. e4 c5 2. Nf3 d6 3. d4 cxd4 4. Nxd4 Nf6 5. Nc3 g6 6. Be3 Bg7 7. f3 O-O 8. Qd2
Nc6 9. Bc4 Bd7 10. O-O-O Rc8 11. Bb3 Ne5 12. h4 h5 13. Bh6 Nc4 14. Bxc4 Rxc4
15. Bxg7 Kxg7 16. Kb1 Qa5 17. Nb3 Qe5 18. f4 Qe6 19. Nd4 Qg4 20. Qe3 Bc6 21.
Nxc6 bxc6 22. g3 Qe6 23. Rhe1 a5 24. Rd4 Rb4 25. a3 Rb7 26. Ra4 Rfb8 27. Nd1
Rb5 28. Qc3 Kh7 29. Qxc6 Rc5 30. Qa6 Rxc2 31. Qxa5 Rbxb2+ 32. Nxb2 Qb3 0-1

[Event "DEM U18 2005"]
[Site "Willingen GER"]
[Date "2005.05.17"]
[Round "4"]
[White "Müller, Pascal"]
[Black "Grimberg, Boris"]
[Result "0-1"]
[Termination "normal"]
[Board "8"]
[WhiteElo "1813"]
[BlackElo "2066"]
[PlyCount "120"]
[BlackFideId "4697499"]
[EventCountry "GER"]
[EventRounds "9"]
[EventType "swiss"]
[EventDate "2005.05.15"]

1. e4 Nf6 2. Nc3 d5 3. exd5 Nxd5 4. Bc4 Nb6 5. Bb3 Nc6 6. Nf3 Bf5 7. d3 e6 8.
Be3 Na5 9. Nd4 Nxb3 10. axb3 Bg6 11. O-O Be7 12. Qf3 c6 13. Nde2 O-O 14. Nf4 a6
15. Nxg6 hxg6 16. d4 Nd5 17. Nxd5 cxd5 18. Bd2 Rc8 19. Bc3 Rc6 20. Rfe1 Qb6 21.
Rad1 Rfc8 22. Rd3 Qc7 23. Ra1 Qd7 24. Qe3 b5 25. b4 Qb7 26. Qe1 Rc4 27. Re3 Bf6
28. Rd3 Bd8 29. b3 R4c6 30. Ra2 R8c7 31. Bd2 Rxc2 32. Rxc2 Rxc2 33. Rc3 Rxc3
34. Bxc3 Qc6 35. Qe3 f6 36. Kf1 Kf7 37. Ke2 Bb6 38. Qf3 Qd6 39. h3 Ke7 40. Qg4
Qc6 41. Kd3 Qe8 42. f4 Kf7 43. Qe2 Qh8 44. Qa2 Qh4 45. Qxa6 Qg3+ 46. Kc2 Qxg2+
47. Bd2 Qe4+ 48. Kc1 Qxd4 49. Qxb5 e5 50. Qd7+ Kg8 51. Qe8+ Kh7 52. f5 Qg1+ 53.
Kc2 Qg2 54. Kc1 Qf1+ 55. Kb2 Qxf5 56. Qc6 Bd4+ 57. Bc3 Bxc3+ 58. Qxc3 d4 59.
Qc2 d3 60. Qd2 e4 0-1